HAND BOOK OF FRUIT SCINCE AND TECNOLOGY (Record no. 291024)

MARC details
000 -LEADER
fixed length control field 00436pam a2200157a 44500
008 - FIXED-LENGTH DATA ELEMENTS--GENERAL INFORMATION
fixed length control field 230405s2013 xxu||||| |||| 00| 0 eng d
041 ## - LANGUAGE CODE
Language code of text/sound track or separate title ENG
100 ## - MAIN ENTRY--PERSONAL NAME
Personal name SALUNKHE D K
245 ## - TITLE STATEMENT
Title HAND BOOK OF FRUIT SCINCE AND TECNOLOGY
250 ## - EDITION STATEMENT
Edition statement 1ST Ed.
260 ## - PUBLICATION, DISTRIBUTION, ETC.
Place of publication, distribution, etc. FRAN
Name of publisher, distributor, etc. CRC PRESS TAYLOR & FRANCIS GROUP
Date of publication, distribution, etc. 2013
300 ## - PHYSICAL DESCRIPTION
Extent 611p.
440 ## - SERIES STATEMENT/ADDED ENTRY--TITLE
Title BHARATI GRAHAK BHANDAR , BILL NO -4424 ,16/08.2018
700 ## - ADDED ENTRY--PERSONAL NAME
Personal name RADAM S S
906 ## - LOCAL DATA ELEMENT F, LDF (RLIN)
a 2146
Holdings
Withdrawn status Lost status Damaged status Not for loan Collection Home library Current library Shelving location Date acquired Total Checkouts Barcode Date last seen Date last checked out Price effective from Koha item type
          Loknete Mohanrao Kadam College of Agriculture, Kadegaon, Sangli Loknete Mohanrao Kadam College of Agriculture, Kadegaon, Sangli   24/07/2020 1 AGK-5856 02/04/2025 01/04/2025 17/04/2023 Book
          Loknete Mohanrao Kadam College of Agriculture, Kadegaon, Sangli Loknete Mohanrao Kadam College of Agriculture, Kadegaon, Sangli   20/07/2020   AGK-5857 17/04/2023   17/04/2023 Book